书目信息 |
| 题名: |
建筑施工组织与预算
|
|
| 作者: | ;陕西省建筑工程学校 编 | |
| 分册: | ||
| 出版信息: | 北京 中国建筑工业出版社 1981 |
|
| 页数: | 297页 | |
| 开本: | 25cm | |
| 丛书名: | ||
| 单 册: | ||
| 中图分类: | TU72 | |
| 科图分类: | ||
| 主题词: | 施工组织-建筑工程 , 建筑预算定额 , 建筑工程-施工组织 | |
| 电子资源: | ||
| ISBN: | ||
| 000 | 00729nam0 2200253 45 | |
| 001 | 0181007079 | |
| 005 | 20061127144222.25 | |
| 010 | @dCNY1.60 | |
| 094 | @aCN@b15040.3912 | |
| 100 | @a19950403d1981 em y0chiy0121 ea | |
| 101 | 0 | @achi |
| 102 | @aCN@b110000 | |
| 105 | @ay z 000yy | |
| 200 | 10 | @a建筑施工组织与预算@Ajian zhu shi gong zu zhi yu yu suan@f陕西省建筑工程学校等编 |
| 210 | @a北京@c中国建筑工业出版社@d1981 | |
| 215 | @a297页@d25cm | |
| 606 | @a施工组织-建筑工程 | |
| 606 | @a建筑预算定额 | |
| 606 | @a建筑工程-施工组织 | |
| 690 | @aTU72@v3 | |
| 711 | 02 | @a陕西省建筑工程学校@Ashan xi sheng jian zhu gong cheng xue xiao@4编 |
| 801 | 2 | @aCN@bNLC@c20061127 |
| 801 | 0 | @aCN@bTSSF |
| 905 | @a10447@dTU72@e6 | |
| 建筑施工组织与预算/陕西省建筑工程学校等编.-北京:中国建筑工业出版社,1981 |
| 297页;25cm |
| ISBN :CNY1.60 |
| ● |
| 相关链接 |
|
|
|
|
正题名:建筑施工组织与预算
索取号:TU72/6
 
预约/预借
| 序号 | 登录号 | 条形码 | 馆藏地/架位号 | 状态 | 备注 |
| 1 | 0050783 | 001480392 | 第二样本阅览室/ [索取号:TU72/6] | 在馆 |